000 00329nam a2200133Ia 4500
008 220923s9999 xx 000 0 und d
020 _a9789350356319
100 _aCHALLA, KRISHNAVEER A.
245 0 _aENGLISH SKILLS FOR LAWYERS
260 _bLEXIS NEXIS, GURGAON
_c2021
300 _a96
650 _aLawyering
942 _cBK
999 _c198778
_d198778